Electioneering, by Radiohead Lyrics - Statistics

General Stats
  • This quiz has been taken 20 times
  • The average score is 67 of 88
Answer Stats
Answer % Correct
electioneering
94%
go
94%
go
94%
go
94%
go
94%
go
94%
go
94%
go
94%
go
94%
I
94%
I
94%
I
94%
I
94%
I
94%
I
94%
I
94%
I
94%
you
94%
you
94%
you
94%
you
94%
backwards
88%
backwards
88%
backwards
88%
backwards
88%
forwards
88%
forwards
88%
forwards
88%
forwards
88%
when
88%
When
88%
When
88%
When
88%
When
88%
will
88%
will
88%
will
88%
will
88%
will
88%
will
88%
at
82%
we
82%
we
82%
we
82%
we
82%
meet
76%
meet
76%
meet
76%
meet
76%
nothing
76%
on
76%
on
76%
somewhere
76%
somewhere
76%
somewhere
76%
somewhere
76%
stop
76%
stop
76%
your
76%
your
76%
And
71%
And
71%
and
71%
And
71%
and
71%
can
71%
can
71%
rely
71%
rely
71%
Trust
71%
Trust
71%
vote
71%
vote
71%
the
65%
the
65%
right
53%
Say
53%
things
53%
economics
41%
voodoo
41%
Riot
35%
shields
35%
It's
29%
IMF
24%
just
24%
cattle
18%
prods
18%
business
12%
No matching quizzes found
Score Distribution
Percent of People with Each Score
Percentile by Number Answered
Your Score History
You have not taken this quiz